000 00915cad a22002295a 4500
001 L156209
008 120504s2012 xxk f 000 0 eng d
035 _a(Sirsi) u156209
041 0 _aeng
110 0 _aExcitech Ltd
245 0 0 _aWhite paper
_bBIM for construction
_h[electronic resource]
260 _aEnfieldl
_bExitech Ltd
_c2012
520 _aA paper examining the benefits of building information modelling for the contractor and ultimately the client once the design work has finished. Highlights how the BIM process can bring benefits to all the stages of a project.
590 _aKA
650 _aBUILDING INFORMATION MODELLING
650 2 4 _aBIM
_96219
651 4 _aUnited Kingdom
_y
651 4 _aInternational
690 _aBIM
_96219
856 4 0 _uhttps://www.excitech.co.uk/subscription/PDFs/white_papers/BIM_for_construction.pdf
_zView the paper (PDF) here www.excitech.co.uk
942 _n0
999 _c114101
_d114101